Detalles MARC
| 000 -LIDER |
| fixed length control field |
01474nam a2200337 a 4500 |
| 001 - NÚMERO DE CONTROL |
| Identificador de número de control |
00003838 |
| 003 - IDENTIFICACDOR DE NÚMERO DE CONTROL |
| control field |
DO-SdBNP |
| 005 - DATE AND TIME OF LATEST TRANSACTION |
| control field |
20180306142340.0 |
| 007 - CAMPOS FIJOS DE DESCRIPCIÓN FÍSICA |
| fixed length control field |
00003838 |
| 008 - ELEMENTOS DE LONGITUD FIJA |
| fixed length control field |
150130s2009 dr abc 000 0 spa d |
| 020 ## - ISBN |
| International Standard Book Number |
9789803663763 |
| 040 ## - FUENTE DE CATALOGACIÓN |
| Agencia que crea de manera original el registro |
BPMSU |
| Idioma de catalogación |
spa |
| Agencia que realiza la transcripción |
BPMSU |
| 092 ## - LOCALLY ASSIGNED DEWEY DECIMAL CALL NUMBER |
| Número de clasificación |
372.83 |
| Número de ítem (Cutter) |
S498c 3ro. 2009 |
| 100 1# - ASIENTO PRINCIPAL -- NOMBRE PERSONAL |
| Nombre personal |
Severino, Banahi |
| 245 10 - MENCIÓN DE TITULO |
| Título |
Ciencias sociales 3 / |
| Mención de responsabilidad |
Banahi Severino |
| 260 ## - PUBLICACIÓN, DISTRIBUCIÓN, ETC. (PIE DE IMPRENTA) |
| Lugar de publicación, distribución, etc |
Santo Domingo : |
| Nombre del editor, distribuidor, etc. |
Actualidad Escolar 2000, |
| Fecha de publicación, distribución, etc |
2009. |
| 300 ## - DESCRIPCIÓN FÍSICA |
| Extensión |
2v : |
| Otros detalles físicos |
il., mapas, retrs. ; |
| Dimensiones |
28 cm. |
| 500 ## - NOTA GENERAL |
| Nota general |
La biblioteca posee v. 1. Libro texto , v. 2. Libro del maestro |
| 500 ## - NOTA GENERAL |
| Nota general |
Este libro ha sido realizado de acuerdo al curriculum vigente y aprobado como libro de texto por la SEE, bajo el no. 6096 de fecha 4 de julio 2006, revisado y actualizado al 2009 |
| 505 1# - NOTA DE CONTENIDO |
| Información miscelánea |
unidad 1 -- |
| Título |
Familia y comunidad -- |
| Información miscelánea |
unidad 2 -- |
| Título |
Cultura y autoridad en los municipios dominicanos -- |
| Información miscelánea |
unidad 3 -- |
| Título |
República Dominicana, primeros pobladores -- |
| 650 #4 - ENCABEZAMIENTO DE MATERIA--TEMÁTICO |
| Término temático o nombre geográfico como elemento de entrada |
CIENCIAS SOCIALES |
| Subdivisión temática general |
ENSEÑANZA BÁSICA |
| 650 #4 - ENCABEZAMIENTO DE MATERIA--TEMÁTICO |
| Término temático o nombre geográfico como elemento de entrada |
CIENCIAS SOCIALES |
| Subdivisión temática general |
EDUCACIÓN PRIMARIA |
| 650 #4 - ENCABEZAMIENTO DE MATERIA--TEMÁTICO |
| Término temático o nombre geográfico como elemento de entrada |
CIENCIAS SOCIALES |
| Subdivisión temática general |
LIBROS DE TEXTOS |
| 650 #4 - ENCABEZAMIENTO DE MATERIA--TEMÁTICO |
| Término temático o nombre geográfico como elemento de entrada |
CIENCIAS SOCIALES |
| Subdivisión temática general |
ESTUDIOS Y EJERCICIOS |
| 650 #4 - ENCABEZAMIENTO DE MATERIA--TEMÁTICO |
| Término temático o nombre geográfico como elemento de entrada |
EDUCACIÓN PRMARIA |
| Subdivisión geográfica |
REPÚBLICA DOMINICANA |
| 910 ## - VALIDACIÓN |
| Validación |
Validado. Control de calidad MFF |
| 942 ## - ADDED ENTRY ELEMENTS (KOHA) |
| Source of classification or shelving scheme |
Dewey Decimal Classification |
| Koha item type |
Libros |
| 945 ## - INFORMACIÓN DE PROCESAMIENTO LOCAL |
| Información de procesamiento local |
Remanejado para la BNPHU / 2018 VM |
| 956 ## - LOCAL ELECTRONIC LOCATION AND ACCESS (OCLC) |
| Nombre de host |
VMATEO |
| Número de acceso |
10 |
| Información de compresión |
20150603 |
| Inicio de sesión |
BPMSU |
| Procesador de solicitud |
00151 |
| 956 ## - LOCAL ELECTRONIC LOCATION AND ACCESS (OCLC) |
| Nombre de host |
LOPEREZ |
| Número de acceso |
10 |
| Información de compresión |
20160408 |
| Inicio de sesión |
BPMSU |
| Procesador de solicitud |
0041 |